[Event "Canadian op 48th"]
[Site "Toronto"]
[Date "2011.07.17"]
[Round "9"]
[White "Pitre, Hanniegn G"]
[Black "Kagramanov, Dalia"]
[Result "0-1"]
[WhiteElo "1907"]
[BlackElo "2027"]
[PlyCount "108"]
[EventDate "2011.07.09"]
[EventType "swiss"]
[EventRounds "9"]
[EventCountry "CAN"]
[SourceTitle "EXT 2022"]
[Source "ChessBase"]
[SourceDate "2021.10.06"]
[SourceVersion "1"]
[SourceVersionDate "2021.10.06"]
[SourceQuality "1"]

1. e4 c5 2. Nf3 d6 3. d4 cxd4 4. Nxd4 Nf6 5. Nc3 Nc6 6. Bg5 e6 7. Qd2 Be7 8. 0-0-0 a6 9. f4 Qc7 10. Be2 0-0 11. g4 Rd8 12. Kb1 b5 13. Bf3 Bb7 14. Nce2 Rac8 15. Rhe1 Na5 16. Ng3 Nc4 17. Qc3 Qb6 18. a3 d5 19. Bxf6 Nxa3+ 20. bxa3 Rxc3 21. Bxe7 Rd7 22. Bb4 Rc4 23. Nb3 Rc8 24. exd5 Bxd5 25. Bxd5 Rxd5 26. Rxd5 exd5 27. Nf5 Kh8 28. Nd6 Rb8 29. Nxf7+ Kg8 30. Ne5 Rc8 31. Nd3 Qg6 32. g5 Qh5 33. Nbc5 Qxh2 34. Re5 Qg1+ 35. Re1 Qh2 36. f5 Qg3 37. f6 Qxg5 38. fxg7 h5 39. Nxa6 Qg2 40. Nac5 h4 41. Nf4 Qf2 42. Nfe6 h3 43. Rc1 h2 44. Nd7 Qg1 45. Bf8 Qxc1+ 46. Kxc1 h1Q+ 47. Kb2 Qf3 48. Bb4 Rxc2+ 49. Kxc2 Qf5+ 50. Kd2 Qxe6 51. Nc5 Qh6+ 52. Kd3 Qxg7 53. Bc3 Qg4 54. Bd4 Qd1+ 0-1

[Event "CAN-ch U18"]
[Site "Richmond Hill"]
[Date "2011.07.06"]
[Round "3"]
[White "Zhou, Kevin"]
[Black "Kagramanov, Dalia"]
[Result "1-0"]
[WhiteElo "1962"]
[BlackElo "1862"]
[PlyCount "117"]
[EventDate "2011.07.06"]
[EventType "swiss"]
[EventRounds "7"]
[EventCountry "CAN"]
[SourceTitle "EXT 2012"]
[Source "ChessBase"]
[SourceDate "2011.11.24"]
[SourceVersion "1"]
[SourceVersionDate "2011.11.24"]
[SourceQuality "1"]

1. e4 c5 2. Nf3 d6 3. d4 cxd4 4. Nxd4 Nf6 5. Nc3 Nc6 6. Be2 e6 7. 0-0 Be7 8. Be3 a6 9. a4 0-0 10. Nb3 b6 11. f4 Bb7 12. Bf3 Nd7 13. Qd2 Qc7 14. Rad1 Rad8 15. Qf2 Bf6 16. Nd4 Na5 17. f5 Rde8 18. Bg4 exf5 19. exf5 Nc4 20. Bc1 Nc5 21. Bf3 Ne4 22. Nxe4 Bxe4 23. Bxe4 Rxe4 24. c3 Rfe8 25. Rfe1 d5 26. Nf3 Qc6 27. Qc2 Nd6 28. Qd3 Nxf5 29. Qxa6 Qc5+ 30. Kh1 h6 31. Qf1 Bh4 32. Rxe4 dxe4 33. Nd4 Nxd4 34. Rxd4 Bf6 35. Rd2 e3 36. Re2 Bg5 37. Qd1 Qc4 38. Qc2 Qf4 39. Kg1 Qd6 40. g3 h5 41. Qf5 g6 42. Qf3 Qe6 43. Kg2 h4 44. gxh4 Bxh4 45. Rxe3 Qd7 46. Rxe8+ Qxe8 47. b3 Qe6 48. c4 Be7 49. Bb2 f6 50. Qd5 Qxd5+ 51. cxd5 Kf7 52. Kf3 Bd6 53. Bd4 Bc7 54. h3 Ke7 55. Be3 f5 56. Bf2 g5 57. Be3 f4 58. Bf2 Kd6 59. Ke4 1-0

[Event "Olympiad Women-39"]
[Site "Khanty-Mansiysk"]
[Date "2010.10.01"]
[Round "10.23"]
[White "Kagramanov, Dalia"]
[Black "Longson, Sarah N"]
[Result "0-1"]
[WhiteElo "1866"]
[BlackElo "2084"]
[PlyCount "130"]
[EventDate "2010.09.21"]
[EventType "team-swiss"]
[EventRounds "11"]
[EventCountry "RUS"]
[SourceTitle "CBM 139"]
[Source "ChessBase"]
[SourceDate "2010.11.18"]
[SourceVersion "1"]
[SourceVersionDate "2010.11.18"]
[SourceQuality "1"]
[WhiteTeam "Canada (W)"]
[BlackTeam "England (W)"]
[WhiteTeamCountry "CAN"]
[BlackTeamCountry "ENG"]

1. e4 c5 2. Nf3 Nc6 3. d4 cxd4 4. Nxd4 g6 5. c4 Bg7 6. Be3 Nf6 7. Nc3 Ng4 8. Qxg4 Nxd4 9. Qd1 e5 10. Bd3 d6 11. 0-0 0-0 12. Qd2 Be6 13. Rfd1 a6 14. b3 Qa5 15. Ne2 Qa3 16. Qc1 Qc5 17. Qc3 d5 18. exd5 Bxd5 19. b4 Qc6 20. Nxd4 exd4 21. Bxd4 Bxd4 22. Qxd4 Bxg2 23. Bf1 Bf3 24. Rd3 Rad8 25. Qf4 Rxd3 26. Bxd3 Rd8 27. Bf1 Qe4 28. Qxe4 Bxe4 29. Re1 Rd4 30. Re3 Bb1 31. a3 Kf8 32. Kg2 f5 33. Be2 Be4+ 34. f3 Bb1 35. c5 Rd2 36. Kf1 Ba2 37. Rc3 Bd5 38. Ke1 Ra2 39. Rd3 Bc6 40. Re3 Ra1+ 41. Kf2 f4 42. Rc3 Ra2 43. Kf1 Ke7 44. h4 Kf6 45. Ke1 Ra1+ 46. Kd2 Rh1 47. Rd3 Rxh4 48. Rd6+ Ke7 49. Bxa6 Rh2+ 50. Ke1 Bxf3 51. Bc4 g5 52. Re6+ Kd7 53. Re5 Rg2 54. Be6+ Kc7 55. b5 g4 56. Bc4 Rc2 57. Bd3 Rc3 58. Bxh7 g3 59. Re7+ Kd8 60. Rg7 Re3+ 61. Kd2 Re2+ 62. Kd3 g2 63. Rg8+ Ke7 64. Rg7+ Kf6 65. Rg3 fxg3 0-1

[Event "Olympiad Women-39"]
[Site "Khanty-Mansiysk"]
[Date "2010.09.23"]
[Round "3.26"]
[White "Kagramanov, Dalia"]
[Black "Pasku, Roela"]
[Result "1-0"]
[WhiteElo "1866"]
[BlackElo "1912"]
[PlyCount "93"]
[EventDate "2010.09.21"]
[EventType "team-swiss"]
[EventRounds "11"]
[EventCountry "RUS"]
[SourceTitle "CBM 139"]
[Source "ChessBase"]
[SourceDate "2010.11.18"]
[SourceVersion "1"]
[SourceVersionDate "2010.11.18"]
[SourceQuality "1"]
[WhiteTeam "Canada (W)"]
[BlackTeam "Albania (W)"]
[WhiteTeamCountry "CAN"]
[BlackTeamCountry "ALB"]

1. e4 d6 2. d4 g6 3. Nc3 Nf6 4. Be3 Bg7 5. Qd2 0-0 6. f3 Nc6 7. g4 e5 8. Nge2 exd4 9. Nxd4 Ne5 10. Be2 a6 11. h3 Be6 12. f4 Nc4 13. Nxe6 Nxd2 14. Nxd8 Ndxe4 15. Nxb7 Nxc3 16. bxc3 Nd5 17. Bd4 Nxf4 18. Bxg7 Kxg7 19. Bf3 Rab8 20. Kd2 Rfe8 21. Na5 d5 22. h4 c5 23. Rhe1 Re6 24. Rab1 Reb6 25. Rxb6 Rxb6 26. Nb3 c4 27. Nc1 Rd6 28. Ne2 Ne6 29. Ke3 h6 30. Rd1 Nc7 31. Nf4 g5 32. hxg5 hxg5 33. Nxd5 Nb5 34. a4 Re6+ 35. Kf2 Nd6 36. Rd4 Kg6 37. Ne3 Nc8 38. Nxc4 Ne7 39. Rd6 Kf6 40. Bb7 Rxd6 41. Nxd6 Ke5 42. Nxf7+ Kf4 43. Nh6 a5 44. c4 Ng6 45. c5 Ke5 46. Ke3 Ke6 47. c6 1-0

[Event "Ontario-ch op 64th"]
[Site "Toronto"]
[Date "2010.05.24"]
[Round "6"]
[White "Itkin, David"]
[Black "Kagramanov, Dalia"]
[Result "1-0"]
[WhiteElo "1768"]
[BlackElo "1868"]
[PlyCount "123"]
[EventDate "2010.05.22"]
[EventType "swiss"]
[EventRounds "6"]
[EventCountry "CAN"]
[SourceTitle "CBM 136 Extra"]
[Source "ChessBase"]
[SourceDate "2010.07.02"]
[SourceVersion "2"]
[SourceVersionDate "2010.07.15"]
[SourceQuality "1"]

1. e4 c5 2. Nc3 d6 3. f4 Nc6 4. Nf3 Nf6 5. Bc4 e6 6. d3 Be7 7. 0-0 0-0 8. Qe1 d5 9. Bb3 a6 10. a4 Nd4 11. e5 Nxb3 12. cxb3 Ne8 13. a5 b6 14. Bd2 b5 15. g4 d4 16. Ne4 Qd5 17. b4 c4 18. Qf2 Bb7 19. Qxd4 Qxd4+ 20. Nxd4 Rd8 21. Bc3 Nc7 22. Nc5 Bd5 23. dxc4 Bxc4 24. Rfd1 Bd5 25. f5 Bg5 26. Bd2 Bxd2 27. Rxd2 Rfe8 28. fxe6 fxe6 29. Rad1 Rc8 30. Rf2 Rf8 31. Rdf1 Rxf2 32. Rxf2 Rf8 33. Rxf8+ Kxf8 34. Kf2 Ke7 35. Ke3 Ba8 36. Nc2 Bc6 37. Kd4 Kd8 38. Nd3 Nd5 39. Kc5 Kc7 40. Nd4 Bd7 41. Nf2 Nf4 42. h4 Ng6 43. Nd3 Nf8 44. Nf4 Bc8 45. Nf3 g6 46. Ng5 Bd7 47. h5 Bc8 48. hxg6 hxg6 49. Nf7 Bb7 50. Nd6 Bf3 51. Ne8+ Kd8 52. Nf6 Kc7 53. Nh3 Bc6 54. Ng5 Nd7+ 55. Nxd7 Bxd7 56. Nh7 Be8 57. Nf8 Bf7 58. g5 Be8 59. Nxe6+ Kd7 60. Nf4 Kc7 61. e6 Kb7 62. Kd6 1-0

[Event "Wch U16 Girls"]
[Site "Kemer"]
[Date "2009.11.21"]
[Round "10"]
[White "Kagramanov, Dalia"]
[Black "Arig, Busra"]
[Result "1-0"]
[WhiteElo "1835"]
[BlackElo "1747"]
[PlyCount "87"]
[EventDate "2009.11.12"]
[EventType "swiss"]
[EventRounds "11"]
[EventCountry "TUR"]
[SourceTitle "EXT 2010"]
[Source "ChessBase"]
[SourceDate "2010.11.25"]
[SourceVersion "1"]
[SourceVersionDate "2010.11.25"]
[SourceQuality "1"]

1. e4 c5 2. Nf3 e6 3. d4 cxd4 4. Nxd4 a6 5. Nc3 Qc7 6. Bd3 Nf6 7. 0-0 Be7 8. Kh1 b5 9. a3 Bb7 10. f4 d6 11. Qf3 Nbd7 12. Nb3 0-0 13. Qh3 Rfd8 14. Be3 Rac8 15. Rae1 Nf8 16. Bd2 N8d7 17. Re3 Bf8 18. Rfe1 g6 19. f5 exf5 20. exf5 Re8 21. fxg6 hxg6 22. Rxe8 Rxe8 23. Rxe8 Nxe8 24. Bxg6 fxg6 25. Qe6+ Kg7 26. Qxe8 Ne5 27. Nd4 Bc8 28. Bh6+ Kxh6 29. Qxf8+ Kh5 30. Ne4 Nf7 31. Qg7 Qc4 32. Ng3+ Kg5 33. Nf3+ Kf4 34. Qxg6 Ke3 35. Kg1 Qd5 36. Ne1 Kd2 37. Nf3+ Ke3 38. Nf1+ Ke2 39. Ng3+ Ke3 40. Ne1 Kd2 41. Nf3+ Ke3 42. Qf6 Bg4 43. Nf1+ Ke2 44. Nd4+ 1-0

[Event "CAN-ch (Women)"]
[Site "Kitchener"]
[Date "2009.08.04"]
[Round "1"]
[White "Kagramanov, Dalia"]
[Black "Starr, Nava"]
[Result "0-1"]
[WhiteElo "1832"]
[BlackElo "2173"]
[PlyCount "66"]
[EventDate "2009.08.03"]
[EventType "tourn"]
[EventRounds "7"]
[EventCountry "CAN"]
[SourceTitle "EXT 2011"]
[Source "ChessBase"]
[SourceDate "2010.11.26"]
[SourceVersion "1"]
[SourceVersionDate "2010.11.26"]
[SourceQuality "1"]

1. e4 g6 2. d4 Bg7 3. Nf3 c6 4. Bd3 d5 5. e5 Nh6 6. h3 0-0 7. Bf4 f6 8. Nbd2 Nf7 9. Qe2 Qb6 10. Nb3 a5 11. Rb1 Na6 12. c3 Nc7 13. Nc5 Ne8 14. 0-0 Qd8 15. b4 a4 16. Bc2 b6 17. Bxa4 bxc5 18. Bxc6 Ra3 19. bxc5 Ba6 20. Bb5 Bxb5 21. Rxb5 Qa8 22. Ra1 fxe5 23. Bxe5 Nxe5 24. Nxe5 Nf6 25. f3 Rxc3 26. a4 Bh6 27. Qb2 Be3+ 28. Kh1 Bxd4 29. Ng4 Nxg4 30. hxg4 Rc4 31. Qa2 Bxa1 32. Qxa1 Qxa4 33. Qb1 Qc2 0-1

[Event "CAN-ch (Women)"]
[Site "Kitchener"]
[Date "2009.08.03"]
[Round "7"]
[White "Yuan, Yuanling"]
[Black "Kagramanov, Dalia"]
[Result "1-0"]
[WhiteElo "2203"]
[BlackElo "1832"]
[PlyCount "63"]
[EventDate "2009.08.03"]
[EventType "tourn"]
[EventRounds "7"]
[EventCountry "CAN"]
[SourceTitle "EXT 2011"]
[Source "ChessBase"]
[SourceDate "2010.11.26"]
[SourceVersion "1"]
[SourceVersionDate "2010.11.26"]
[SourceQuality "1"]

1. e4 d5 2. exd5 Nf6 3. d4 Nxd5 4. Nf3 g6 5. Be2 Bg7 6. h3 0-0 7. 0-0 Nc6 8. c4 Nb6 9. d5 Na5 10. Na3 c6 11. Qe1 Nd7 12. Bd2 Bxb2 13. Bxa5 Qe8 14. Nc2 Bxa1 15. Qxa1 cxd5 16. cxd5 b6 17. Bd2 f6 18. Ncd4 Nc5 19. Re1 a6 20. Qb1 Rb8 21. Bh6 Rf7 22. Nc6 Bf5 23. Qb4 Rb7 24. Be3 Nd3 25. Bxd3 Bxd3 26. Bxb6 Bb5 27. Qc5 Rg7 28. Nfd4 Bxc6 29. dxc6 Rb8 30. c7 Rc8 31. Ne6 Rf7 32. Rd1 1-0

[Event "CAN-ch U16/18 Girls"]
[Site "Victoria"]
[Date "2009.07.23"]
[Round "7"]
[White "Du, Jasmine"]
[Black "Kagramanov, Dalia"]
[Result "1-0"]
[WhiteElo "1810"]
[BlackElo "1941"]
[PlyCount "43"]
[EventDate "2009.07.21"]
[EventType "tourn"]
[EventRounds "7"]
[EventCountry "CAN"]
[SourceTitle "EXT 2011"]
[Source "ChessBase"]
[SourceDate "2010.11.26"]
[SourceVersion "1"]
[SourceVersionDate "2010.11.26"]
[SourceQuality "1"]

1. d4 c5 2. c3 d5 3. Nf3 e6 4. e3 Nf6 5. Bd3 Bd6 6. 0-0 0-0 7. Nbd2 b6 8. e4 Be7 9. e5 Nfd7 10. Re1 Nc6 11. a3 Qc7 12. Nf1 f6 13. exf6 Nxf6 14. Ng5 e5 15. dxe5 Ng4 16. Bxh7+ Kh8 17. e6 Bxg5 18. Bxg5 Nf6 19. Bg6 d4 20. Bxf6 gxf6 21. Qh5+ Kg8 22. e7 1-0

[Event "CAN-ch U16/18 Girls"]
[Site "Victoria"]
[Date "2009.07.22"]
[Round "5"]
[White "Kagramanov, Dalia"]
[Black "Powell, Samantha"]
[Result "1-0"]
[WhiteElo "1941"]
[BlackElo "1604"]
[PlyCount "43"]
[EventDate "2009.07.21"]
[EventType "tourn"]
[EventRounds "7"]
[EventCountry "CAN"]
[SourceTitle "EXT 2011"]
[Source "ChessBase"]
[SourceDate "2010.11.26"]
[SourceVersion "1"]
[SourceVersionDate "2010.11.26"]
[SourceQuality "1"]

1. e4 e5 2. Nf3 Nc6 3. Bc4 Nf6 4. d3 Be7 5. c3 0-0 6. Be3 d5 7. exd5 Nxd5 8. 0-0 Nxe3 9. fxe3 Bg4 10. Nbd2 a6 11. Qe2 Qd7 12. a4 Rad8 13. b4 Bxf3 14. Rxf3 Na7 15. Raf1 Bf6 16. Ne4 b5 17. Nxf6+ gxf6 18. Rg3+ Kh8 19. Qh5 bxc4 20. Rf5 Rg8 21. Qxh7+ Kxh7 22. Rh5# 1-0

[Event "Canadian op"]
[Site "Edmonton"]
[Date "2009.07.18"]
[Round "8"]
[White "Kagramanov, Dalia"]
[Black "Pedersen, Rick"]
[Result "1/2-1/2"]
[WhiteElo "1941"]
[BlackElo "2089"]
[PlyCount "146"]
[EventDate "2009.07.11"]
[EventType "swiss"]
[EventRounds "9"]
[EventCountry "CAN"]
[SourceTitle "CBM 132 Extra"]
[Source "ChessBase"]
[SourceDate "2009.11.03"]
[SourceVersion "1"]
[SourceVersionDate "2009.11.03"]
[SourceQuality "1"]

1. e4 d6 2. d4 g6 3. Nc3 Nf6 4. Be3 c6 5. f3 Qb6 6. Qc1 Bg7 7. Bd3 Nbd7 8. Nge2 Qa5 9. 0-0 c5 10. f4 Ng4 11. Rf3 Nxe3 12. Qxe3 cxd4 13. Nxd4 Qb6 14. Ndb5 Qxe3+ 15. Rxe3 0-0 16. Nd5 e6 17. Ndc7 Rb8 18. Re2 a6 19. Nxd6 Bd4+ 20. Kf1 Nc5 21. Rb1 Bd7 22. g3 Nxd3 23. cxd3 Bc6 24. Rc2 Rfd8 25. e5 Bf3 26. Rc4 Bb6 27. Rbc1 Kf8 28. b4 Ke7 29. a4 Be3 30. Rb1 f6 31. b5 fxe5 32. fxe5 Rf8 33. Ke1 axb5 34. Ncxb5 Bc6 35. Nd4 Bxd4 36. Rxd4 Rf3 37. Rf4 Re3+ 38. Kd2 Rxe5 39. Nc4 Rd5 40. Rbf1 Rf5 41. a5 Rbf8 42. Ke3 Bd5 43. Nb6 Bc6 44. d4 Rxf4 45. Rxf4 Rxf4 46. Kxf4 Kf6 47. g4 g5+ 48. Ke3 Bb5 49. Nc8 Bc6 50. Nd6 Ke7 51. Nc4 Kf6 52. Ne5 Ba4 53. Kf2 Be8 54. Kg3 h6 55. Kf3 Ba4 56. Ke3 Ke7 57. Kd3 Bb5+ 58. Kc3 Be8 59. Kb4 Kd6 60. Kc4 Ba4 61. Nf7+ Ke7 62. Kb4 Bc6 63. Ne5 Be4 64. Kc5 Bd5 65. Kb6 Kd6 66. Nd3 Kd7 67. Kc5 Ke7 68. Ne5 Be4 69. Kb6 Kd6 70. Nf7+ Ke7 71. Ne5 Kd6 72. Nf7+ Ke7 73. Ne5 Kd6 1/2-1/2

[Event "Canadian op"]
[Site "Edmonton"]
[Date "2009.07.15"]
[Round "5.32"]
[White "Kagramanov, Dalia"]
[Black "Davies, Noam"]
[Result "1-0"]
[WhiteElo "1941"]
[BlackElo "2214"]
[PlyCount "59"]
[EventDate "2009.07.11"]
[EventType "swiss"]
[EventRounds "9"]
[EventCountry "CAN"]
[SourceTitle "EXT 2022"]
[Source "ChessBase"]
[SourceDate "2021.10.06"]
[SourceVersion "1"]
[SourceVersionDate "2021.10.06"]
[SourceQuality "1"]

1. e4 c5 2. Nf3 d6 3. d4 cxd4 4. Nxd4 Nf6 5. Nc3 a6 6. Bd3 e6 7. Be3 Qc7 8. f4 b5 9. a3 Bb7 10. 0-0 Nbd7 11. Qe2 Nb6 12. Rad1 Nfd7 13. f5 e5 14. Nb3 Rc8 15. Kh1 Be7 16. Qg4 Bf6 17. Rf2 Nc5 18. Bxb5+ Ke7 19. Nxc5 dxc5 20. Bf1 Nd7 21. Nd5+ Bxd5 22. exd5 Kd6 23. Bxa6 Rb8 24. c4 Rb3 25. Bc1 h5 26. Qe4 h4 27. Bb5 Nb6 28. Rd3 Rxd3 29. Qxd3 Qd8 30. b4 1-0

[Event "Canadian op"]
[Site "Edmonton"]
[Date "2009.07.12"]
[Round "2"]
[White "Haessel, Dale R"]
[Black "Kagramanov, Dalia"]
[Result "1-0"]
[WhiteElo "2204"]
[BlackElo "1941"]
[PlyCount "71"]
[EventDate "2009.07.11"]
[EventType "swiss"]
[EventRounds "9"]
[EventCountry "CAN"]
[SourceTitle "CBM 132 Extra"]
[Source "ChessBase"]
[SourceDate "2009.11.03"]
[SourceVersion "1"]
[SourceVersionDate "2009.11.03"]
[SourceQuality "1"]

1. d4 Nf6 2. c4 g6 3. g3 Bg7 4. Bg2 d5 5. cxd5 Nxd5 6. Nf3 Nc6 7. e4 Nb6 8. d5 Ne5 9. Nxe5 Bxe5 10. Nc3 0-0 11. Bh6 Bg7 12. Bxg7 Kxg7 13. 0-0 e5 14. Qb3 a6 15. Rac1 Qd6 16. a4 Rb8 17. a5 Nd7 18. Na2 c5 19. Qa3 b6 20. b4 cxb4 21. Qxb4 Qxb4 22. Nxb4 bxa5 23. Nc6 Rb5 24. Na7 Rb8 25. Rc7 Nb6 26. Nc6 Rb7 27. Rxb7 Bxb7 28. Nxe5 Re8 29. Rb1 Nc8 30. Rxb7 Rxe5 31. f4 Re8 32. e5 Kf8 33. d6 Rd8 34. Rb8 Ke8 35. Bc6+ Kf8 36. d7 1-0

[Event "CAN-ch U16 Girls"]
[Site "Quebec"]
[Date "2008.07.31"]
[Round "4"]
[White "Yang, Marguerite"]
[Black "Kagramanov, Dalia"]
[Result "0-1"]
[WhiteElo "1704"]
[BlackElo "1837"]
[PlyCount "120"]
[EventDate "2008.07.14"]
[EventType "tourn"]
[EventRounds "5"]
[EventCountry "CAN"]
[SourceTitle "EXT 2011"]
[Source "ChessBase"]
[SourceDate "2010.11.26"]
[SourceVersion "1"]
[SourceVersionDate "2010.11.26"]
[SourceQuality "1"]

1. d4 Nf6 2. c4 g6 3. Nc3 d5 4. f3 Bg7 5. e4 dxe4 6. fxe4 c5 7. d5 0-0 8. Nf3 Ng4 9. Be2 Ne5 10. 0-0 f5 11. Qc2 fxe4 12. Nxe4 Bf5 13. Nh4 Bxe4 14. Rxf8+ Qxf8 15. Qxe4 Nbd7 16. Bg5 Bf6 17. Rf1 Qd8 18. Bh6 Qb6 19. b3 Re8 20. Qf4 e6 21. Qg3 exd5 22. cxd5 Bxh4 23. Qxh4 c4+ 24. Qf2 cxb3 25. Qxb6 Nxb6 26. Bb5 Rc8 27. axb3 Nxd5 28. Bc4 Nxc4 29. bxc4 Nb6 30. Ra1 Nxc4 31. Rxa7 Rc7 32. Ra8+ Kf7 33. Rb8 Ke6 34. Bf4 Rf7 35. g3 Kd5 36. Rd8+ Kc5 37. Rc8+ Kb4 38. Rc7 Rxc7 39. Bxc7 b5 40. Bd8 Kc3 41. Bf6+ Kd3 42. Be7 Ke2 43. g4 Kf3 44. g5 Kg4 45. Kf2 Ne5 46. Ke3 Nf7 47. h4 Kxh4 48. Kf4 Kh5 49. Bf6 b4 50. Be7 b3 51. Bf6 Kh4 52. Ke3 Nxg5 53. Kd2 Kg4 54. Kc1 h5 55. Kb2 h4 56. Kxb3 Ne4 57. Be5 g5 58. Kc2 Kf3 59. Kd3 h3 60. Kc2 Ng3 0-1

[Event "CAN-ch (Women)"]
[Site "Kitchener"]
[Date "2007.08.06"]
[Round "7"]
[White "Kagramanov, Dalia"]
[Black "Lacau Rodean, Iulia"]
[Result "0-1"]
[WhiteElo "1925"]
[BlackElo "2049"]
[PlyCount "70"]
[EventDate "2007.08.01"]
[EventType "tourn"]
[EventRounds "7"]
[EventCountry "CAN"]
[SourceTitle "EXT 2022"]
[Source "ChessBase"]
[SourceDate "2021.10.06"]
[SourceVersion "1"]
[SourceVersionDate "2021.10.06"]
[SourceQuality "1"]

1. e4 c5 2. Nf3 d6 3. d4 cxd4 4. Nxd4 Nf6 5. Nc3 a6 6. Bg5 e6 7. Qd2 Be7 8. 0-0-0 0-0 9. Be2 b5 10. a3 Bb7 11. Bf3 Qc7 12. h4 Nbd7 13. g4 Ne5 14. Bxf6 Bxf6 15. g5 Nxf3 16. Nxf3 Bxc3 17. bxc3 Bxe4 18. Rh3 Rfc8 19. Kb2 a5 20. Nd4 b4 21. a4 Qc4 22. Ra1 Rab8 23. Nb3 d5 24. Qe1 d4 25. Kc1 dxc3 26. Nxa5 Qd5 27. Nb3 Rd8 28. Re3 Bf5 29. f3 Rd7 30. Re5 Qxf3 31. Re2 Rbd8 32. Nd2 cxd2+ 33. Rxd2 Rxd2 34. Qxd2 Rxd2 35. Kxd2 Qc3+ 0-1

[Event "CAN-ch (Women)"]
[Site "Kitchener"]
[Date "2007.08.05"]
[Round "6"]
[White "Glenda, Baylon"]
[Black "Kagramanov, Dalia"]
[Result "1-0"]
[WhiteElo "1997"]
[BlackElo "1925"]
[PlyCount "98"]
[EventDate "2007.08.01"]
[EventType "tourn"]
[EventRounds "7"]
[EventCountry "CAN"]
[SourceTitle "EXT 2022"]
[Source "ChessBase"]
[SourceDate "2021.10.06"]
[SourceVersion "1"]
[SourceVersionDate "2021.10.06"]
[SourceQuality "1"]

1. d4 Nf6 2. c4 g6 3. Nc3 d5 4. Nf3 Bg7 5. cxd5 Nxd5 6. e4 Nxc3 7. bxc3 c5 8. Bb5+ Bd7 9. Bxd7+ Nxd7 10. 0-0 0-0 11. Qb3 Qc7 12. Be3 b6 13. Rac1 Rac8 14. e5 c4 15. Qc2 e6 16. Qe4 Rce8 17. Qh4 f6 18. exf6 Bxf6 19. Qh3 e5 20. Bh6 Rf7 21. Qg3 Qc8 22. Ng5 Rfe7 23. Ne4 Qb8 24. d5 Bg7 25. Bg5 Rf7 26. Rcd1 Qc7 27. Qe3 Nf6 28. d6 Qd7 29. Qe2 Nxe4 30. Qxe4 b5 31. Qd5 a6 32. Rd2 Kh8 33. Rfd1 Rf5 34. Qc5 Rxg5 35. Qc7 Rd8 36. Qb6 Rf5 37. Qxa6 Bh6 38. Rd5 Rdf8 39. f3 e4 40. Rxf5 gxf5 41. fxe4 fxe4 42. Qb6 Re8 43. Qc7 Rd8 44. Kf1 Bf4 45. Qc5 Bxd6 46. Qd4+ Qg7 47. Qxe4 Rf8+ 48. Ke2 Bc5 49. Rf1 Qf7 1-0